02169cam a22003375a 4500999001700000001000900017003000900026005001700035008004100052020001600093020001900109040003300128082002200161100005000183245008200233264005200315300002800367336002600395337002800421338002700449490004200476504005100518520096600569590001701535600007401552650001001626651001001636653001601646942002601662952014301688 c18832d1880416294179EG-ScBUE20210322103510.0100621s2010 xxk f b 001 0deng d a0521872987  a9780521872980  aDLCbengerdacDLCdEG-ScBUE04a818.5409bMAC2221 aMacpherson, Heidi Slettedahl,eauthor.93706114aThe Cambridge introduction to Margaret Atwood /cHeidi Slettedahl Macpherson. 1aCambridge :bCambridge University Press,c2010. axi, 143 pages ;c24 cm. 2rdacontentatextbtxt 2rdamediaaunmediatedbn 2rdacarrieravolumebnc0 aCambridge introductions to literature aIncludes bibliographical references and index. a"Margaret Atwood offers an immensely influential voice in contemporary literature. Her novels have been translated into over 22 languages and are widely studied, taught and enjoyed. Her style is defined by her comic wit and willingness to experiment. Her work has ranged across several genres, from poetry to literary and cultural criticism, novels, short stories and art. This Introduction summarizes Atwood's canon, from her earliest poetry and her first novel, The Edible Woman, through The Handmaid's Tale to The Year of the Flood. Covering the full range of her work, it guides students through multiple readings of her oeuvre. It features chapters on her life and career, her literary, Canadian and feminist contexts, and how her work has been received and debated over the course of her career. With a guide to further reading and a clear, well organised structure, this book presents an engaging overview for students and readers"-Provided by publisher. adoaa mohamed17aAtwood, Margaret,d1939-xCriticism and interpretation.2BUEsh937062 2BUEsh 2BUEsh cJanuary2015 2ddck818.5409 MACcBB 00102ddc40708BaccahaMAINbMAINc2NDd2015-08-11epurchaseg459.00h21201l0o818.5409 MACp000037252r2025-07-15 00:00:00v574.00yBB